Vplyv stratégií WAAM na geometriu návarov

Gespeichert in:
Bibliographische Detailangaben
1. Verfasser: Hrebíček, Samuel (Verfasst von)
Weitere Verfasser: Kovačócy, Pavel (Betreuung Doktorarbeit)
Format: Manuskript Buch
Sprache:Slowakisch
Veröffentlicht: 2025
Schlagworte:
Online-Zugang:http://is.stuba.sk/zp/portal_zp.pl?podrobnosti=180800
Tags: Tag hinzufügen
Keine Tags, Fügen Sie das erste Tag hinzu!

MARC

LEADER 00000ntm a22000003a 4500
001 stuzp104126
003 SK-STU
005 20250628211237.1
007 ta
008 150427s2015----xo-----f-mn---000-0-slo-d
040 |a STU  |b slo 
041 0 |a slo 
100 1 |a Hrebíček, Samuel  |u 063000  |4 aut  |U MTF Materiálovotechnologická fakulta  |T MTF Ústav výrobných technológií  |X 121908  |U M3000  |Y 83  |7 121908 
242 0 1 |a Influence of WAAM strategies on overlay weld geometry  |y eng 
245 1 0 |a Vplyv stratégií WAAM na geometriu návarov 
260 |c 2025 
650 4 |a efektívnosť  |2 slo 
650 4 |a WAAM  |2 slo 
650 4 |a Analýza geometrických rozmerov  |2 slo 
650 4 |a WAAM  |2 eng 
650 4 |a efficiency  |2 eng 
650 4 |a geometric dimension analysis  |2 eng 
700 1 |a Kovačócy, Pavel  |u 063100  |k Z1  |4 ths  |U MTF Ústav výrobných technológií  |T MTF Katedra zvárania a spájania materiálov  |X 4171  |U M3100  |Y 162  |7 A000004171 
856 4 |u http://is.stuba.sk/zp/portal_zp.pl?podrobnosti=180800 
996 |c M* BP-9932  |l MMSKP  |s P  |a 0  |w stuzp104126_0001